[Seelenertzney fur die gesunden vnd krancken

Bibliographic Details
Main Author: Rhegius, Urbanus, 1489-1541 (Author)
Corporate Author: Rhau, Georg (Wittenberg, Nemecko) (Printer)
Other Authors: Rhau, Georg, 1488-1548 (Printer)
Format: Book
Language:German
PhysicalDescription:47 nečíslovaných listov 8° 15,5 cm
Subjects:

MARC

LEADER 00000nam a2200000 4500
001 vtls008863463
003 SK-MaSNL
005 20260302051804.0
008 031216s1534 gw f 00000 ger
015 |a SNBHFA 
035 |a cpl000124234 
040 |a SNKHF  |b slo  |c SNKHF  |e rda 
041 0 |a ger 
044 |a gw  |c DE 
072 7 |a 2-1  |x Prirodzená teológia. Náboženská filozofia  |2 konspekt 
080 |a 2‑1  |2 2011 
080 |a 2‑21  |2 2011 
080 |a 2‑273  |2 2011 
100 1 |a Rhegius, Urbanus,  |d 1489-1541  |4 aut  |9 160220 
245 1 1 |a [Seelenertzney fur die gesunden vnd krancken  |c jnn todes nỏtten durch Vrbanum Reg] 
264 3 |a Gedruckt zu Wittemberg  |b durch Georgen Rhaw  |c [1534] 
300 |a 47 nečíslovaných listov  |c 8°  |c 15,5 cm 
336 |a text  |b txt  |2 rdacontent 
337 |a bez média  |b n  |2 rdamedia 
338 |a zväzok  |b nc  |2 rdacarrier 
500 |a Iniciálky na 3 a 4 riadkov, titulné listy v drevorezovom ráme s ornamentálnou výzdobou 
504 |a Marginálie, kustody 
510 4 |a VD 16  |c R/1898 
546 |a Nemečina  |b Fraktúra 
550 |a Názov a impresum doplnené z VD 16 
562 |a Defekt: chýba titulný list a niekoľko strán vo na začiatku a vo vnútri, zachované len fragmenty knihy, ktoré vypadávajú z väzby a sú pomiešané.; Rukopisné marginálie v latinčine.  |5 SNK ID 69333 
563 |a Väzba: svetlohnedá koža s ornamentálnou slepotlačou na ráme a náročí, plne reštaurovaná.  |5 SNK ID 69333 
650 0 7 |a teológia  |2 SNKPH  |9 1814 
650 0 7 |a kresťanstvo  |2 SNKPH  |9 2024 
650 0 7 |a náboženstvo  |2 SNKPH  |9 2023 
700 1 |a Rhau, Georg,  |d 1488-1548  |4 prt  |9 160035 
710 0 |a Rhau, Georg (Wittenberg, Nemecko),  |d 1525-1548  |4 prt  |9 349844 
752 |a Nemecko  |d Wittenberg 
852 |a snk  |p ID 69333 
958 |a DA 
958 |a ONDV 
999 |c 1102521  |d 1104451 
952 |t Tlače 16. storočia  |a SNK  |b SNK  |c SNK_HF  |y PREZ  |7 0  |p 17A1358926  |o snkID 69333  |i snkF 4338/78  |0 0  |1 0  |4 0  |d 2021-08-18  |f 1  |l 0  |r 2026-02-24 17:35:21  |w 2026-02-24